| 000 | 00757nam a2200265 i 4500 | ||
|---|---|---|---|
| 001 | bg | ||
| 003 | BPK | ||
| 005 | 20190725111846.0 | ||
| 008 | 040806s2004 pl a f |000 0 eng | ||
| 015 | _aPB 2004/16575 | ||
| 020 | _a8302069639 | ||
| 040 |
_aWA N _cBPK |
||
| 041 | 0 | _aeng | |
| 080 | _a811.111'366 | ||
| 080 | _a(076) | ||
| 100 | 1 | _aMisztal, Mariusz. | |
| 245 | 1 | 0 |
_aTests in English : _bword-formation / _cMariusz Misztal. |
| 250 | _aWyd. 3. | ||
| 260 |
_aWarszawa : _bWydawnictwa Szkolne i Pedagogiczne, _c[2004]. |
||
| 300 |
_a229 s. : _btab. ; _c24 cm. |
||
| 650 | 4 |
_aJęzyk angielski _xsłowotwórstwo. |
|
| 655 | 4 | _aĆwiczenia i zadania | |
| 710 | 2 |
_aWydawnictwa Szkolne i Pedagogiczne. _4pbl. |
|
| 942 |
_2UKD _cKS |
||
| 999 |
_c45050 _d45050 |
||